U.S. States by Palestinian Population - Statistics

General Stats
  • This quiz has been taken 38 times
  • The average score is 12 of 15
Answer Stats
Hint Answer % Correct
0.04% (7,774) New York
100%
0.07% (25,989) California
97%
0.04%(13,493) Texas
97%
0.04% (9,966) Florida
94%
0.14% (17,261) Illinois
91%
0.03% (2,148) Massachusetts
91%
0.08% (7,276) New Jersey
91%
0.06% (5,946) Michigan
88%
0.05% (4,321) Virginia
88%
0.04% (2,269) Maryland
85%
0.09% (10,090) Ohio
79%
0.04% (4,185) North Carolina
76%
0.04% (2,271) Wisconsin
67%
0.07% (3,112) Louisiana
55%
0.03% (2,141) Missouri
45%
No matching quizzes found
Score Distribution
Percent of People with Each Score
Percentile by Number Answered
Your Score History
You have not taken this quiz